Statistics for Topscorers by country #2

Click here to take the quiz!

General Stats

  • This quiz has been taken 73 times
    (21 since last reset)
  • The average score is 9 of 37

Answer Stats

% Correct
Gareth Bale33
94%
Zlatan Ibrahimović62
94%
James Rodriguez22
83%
Alexis Sanchez43
83%
Radamel Falcao34
78%
Javier Hernández52
72%
Davor Šuker45
50%
Asamoah Gyan51
50%
Mario Mandžukić33
50%
Ian Rush28
33%
Milan Baroš41
33%
Jan Koller55
33%
Alexander Frei42
28%
Eduardo Vargas38
22%
Theofanis Gekas24
22%
Shinji Okazaki50
17%
Aleksandr Kerzhakov30
11%
Artem Dzyuba24
11%
Gunnar Nordahl43
11%
Vladimír Šmicer27
11%
Abédi Pelé33
6%
Nikos Anastopoulos29
6%
Kunishige Kamamoto80
6%
Cuauhtémoc Blanco39
6%
Jared Borgetti46
6%
Marcelo Salas37
6%
Kwasi Owusu36
0%
Kazuyoshi Miura55
0%
Angelos Charisteas25
0%
Arnoldo Iguarán25
0%
Sven Rydell49
0%
Vladimir Beschastnykh26
0%
Max Abegglen34
0%
Eduardo da Silva29
0%
Kubilay Türkyılmaz34
0%
Trevor Ford23
0%
Ivor Allchurch23
0%

Score Distribution

Percentile by Number Answered

Percent of People with Each Score

Your Score History

You have not taken this quiz since the last reset